Normal view
MARC view
- Molecular imprinting
Entry Topical Term
001 - CONTROL NUMBER
- control field: 149580
003 - CONTROL NUMBER IDENTIFIER
- control field: TR-AnTOB
005 - DATE AND TIME OF LATEST TRANSACTION
- control field: 20250731161732.0
008 - FIXED-LENGTH DATA ELEMENTS
- fixed length control field: 980331i| azannbab| |a ana
010 ## - LIBRARY OF CONGRESS CONTROL NUMBER
- LC control number: sh 98002021
035 ## - SYSTEM CONTROL NUMBER
- System control number: (TR-AnTOB)149580
040 ## - CATALOGING SOURCE
- Original cataloging agency: DLC
- Language of cataloging: eng
- Transcribing agency: DLC
- Modifying agency: TR-AnTOB
150 ## - HEADING--TOPICAL TERM
- Topical term or geographic name entry element: Molecular imprinting
450 ## - SEE FROM TRACING--TOPICAL TERM
- Topical term or geographic name entry element: Imprinting, Molecular
450 ## - SEE FROM TRACING--TOPICAL TERM
- Topical term or geographic name entry element: Imprinting, Polymer
450 ## - SEE FROM TRACING--TOPICAL TERM
- Topical term or geographic name entry element: Polymer imprinting
450 ## - SEE FROM TRACING--TOPICAL TERM
- Topical term or geographic name entry element: Moleküler baskılama
550 ## - SEE ALSO FROM TRACING--TOPICAL TERM
- Control subfield: g
- Topical term or geographic name entry element: Polymerization
670 ## - SOURCE DATA FOUND
- Source citation: Work cat.: 98-6979: Molecular and ionic recognition with imprinted polymers, 1998:
- Information found: CIP pref. (molecular imprinting: a template polymerization technique for the preparation of "host" molecules which can recognize "guest" species; polymer imprinting)
670 ## - SOURCE DATA FOUND
- Source citation: Sci. cit. index
- Information found: (polymer imprinting)
675 ## - SOURCE DATA NOT FOUND
- Source citation: Comprehensive biotech.;
- Source citation: Hackh chem. dict.;
- Source citation: Hawley chem. dict.;
- Source citation: Kirk-Othmer encyc. chem.;
- Source citation: Lang. of biotech.;
- Source citation: McGraw-Hill dict. sci. tech.
688 ## - APPLICATION HISTORY NOTE
- Institution to which field applies: TR-AnTOB
- Application history note: Op 31.07.2025
750 ## - ESTABLISHED HEADING LINKING ENTRY--TOPICAL TERM
- Authority record control number or standard number: https://lccn.loc.gov/sh98002021
- Source of heading or term: lcsh



